Statistics for Africa Geography Quiz #1

Click here to take the quiz!

General Stats

  • This quiz has been taken 14,890 times
  • The average score is 15 of 20

Answer Stats

Question Answer % Correct
What are the two African countries that start with the letter Z?Zimbabwe
97%
What island is home to lemurs?Madagascar
96%
What are the two African countries that start with the letter Z?Zambia
96%
What country is completely surrounded by South Africa?Lesotho
95%
What are the two tallest mountains in Africa?Mount Kilimanjaro
91%
What African capital city is the furthest north?Tunis
87%
What African capital city is the furthest south?Cape Town
86%
What language of South Africa evolved from Dutch? Afrikaans
85%
What language, starting with S, is an official language of Tanzania, Kenya,
Uganda, D.R. Congo and Comoros?
Swahili
83%
What Asian country is located less than 20 miles away from Djibouti?Yemen
83%
What is the second most populous city in Egypt?Alexandria
81%
What Spanish islands are located just off the coast of Morocco?Canary Islands
77%
What disputed territory is divided between Morocco and the Sahrawi Republic?Western Sahara
62%
What river separates the ranges of the chimpanzee and the bonobo?Congo River
61%
What Egyptian city has been called the "world's greatest open-air museum", and is
also the namesake of a Las Vegas casino?
Luxor
61%
What is the top export of Nigeria?Oil
60%
What is the largest dam on the Nile river?Aswan Dam
50%
What is the currency of South Africa?South African Rand
49%
What ethnic group of Tanzania and Kenya live a semi-nomadic life based on cattle herding?Maasai
42%
What are the two tallest mountains in Africa?Mount Kenya
28%

Score Distribution

Percentile by Number Answered

Percent of People with Each Score

Your Score History

You have not taken this quiz